000 01122nam a2200241Ia 4500
003 OSt
005 20201210132941.0
008 191128s2004 nosa gr 000 0 spa d
020 _a1930699735
040 _aCO-JMCR
_cCO-JMCR
041 0 _aspa
082 0 4 _a658.404 /
_bG943g
_223
245 0 _aGuía de los fundamentos de la dirección de proyectos /
250 _aTercera edición
260 _aEstados Unidos de América :
_bProject Management Institute,
_c2004
300 _aix, 392 páginas ;
_b ilustraciones a blanco y negro,
_c30 cm.
500 _aIncluye referencias bibliográficas páginas 343-392.
505 0 _aNorma para la dirección de proyectos de un proyecto -- Áreas de conocimiento de la dirección de proyectos
520 0 _aTanto si usted es un alto ejecutivo como si es un director de proyecto, su trabajo es ayudar a su organización a crecer y a aumentar su valor paras sus interesados. La dirección de proyectos es la competencia organizacional única.
650 2 4 _aAdministración de proyectos
_912200
650 2 4 _aGuías Administración del conocimiento
_912508
942 _2ddc
_cBK
999 _c6300
_d6300